000
00322 a2200145 4500
001
175876
020
_a
040
_c
Magnum
100
_a
Cesar, Jasiel
240
1
0
_a
A revolucao silenciosa do voto
_l
por
245
1
0
_a
A revolucao silenciosa do voto
362
0
_a
1899
697
_a
MAGNITO: LEGISLACAO
942
_c
BK
999
_c
175876
_d
175876